000
00182nam a2200085Ia 4500
008
191206s9999 xx 000 0 und d
020
_a
869222546
090
_a
PN6519T37
245
0
_a
Izaga
999
_c
16276
_d
16276